Энергодисперсионный рентгенофлуоресцентный анализ в мониторинге воздушной среды предприятий цветной металлургии: автореферат диссертации на соискание ученой степени кандидата технических наук

Xehetasun bibliografikoak
Egile nagusia: Михайлусова Т. Н. Татьяна Николаевна
Erakunde egilea: Томский политехнический университет
Hizkuntza:errusiera
Argitaratua: Томск, [Б. и.], 1992
Gaiak:
Formatua: Liburua
KOHA link:https://koha.lib.tpu.ru/cgi-bin/koha/opac-detail.pl?biblionumber=28942

MARC

LEADER 00000nam0a2200000 4500
001 28942
005 20231030203041.0
035 |a (RuTPU)RU\TPU\book\29200 
035 |a BOOK00000925 
090 |a 28942 
100 |a 20011209d1992 k y0rusy50 ca 
101 0 |a rus 
102 |a RU 
105 |a y dm 000zy 
200 1 |a Энергодисперсионный рентгенофлуоресцентный анализ в мониторинге воздушной среды предприятий цветной металлургии  |e автореферат диссертации на соискание ученой степени кандидата технических наук  |f Т. Н. Михайлусова  |g Томский политехнический университет 
210 |a Томск  |c [Б. и.]  |d 1992 
215 |a 20 с. 
610 1 |a цветная металлургия 
610 1 |a предприятия 
610 1 |a воздушная среда 
610 1 |a мониторинг 
610 1 |a рентгенофлуоресцентный анализ 
610 1 |a авторефераты диссертаций 
675 |a 669.2:543(04)  |v 3 
700 1 |a Михайлусова  |b Т. Н.  |g Татьяна Николаевна 
712 0 2 |a Томский политехнический университет  |2 stltpush  |3 (RuTPU)RU\TPU\col\376 
801 0 |a RU  |b 63413507  |c 20011209  |g PSBO 
801 2 |a RU  |b 63413507  |c 20130327  |g PSBO 
942 |c BK